000 01083cam a2200361 a 4500
001 681527
003 OSt
005 20211110131943.0
008 880920s1989 nyua b 001 0 eng
010 _a 87032481
020 _a0070661103
_c$42.95 (est.)
035 _a(OCoLC)17106068
035 _a(OCoLC)ocm17106068
035 _a(CStRLIN)NYCG88-B67781
035 _a(NNC)681527
038 _akhadija
040 _dNNC
_ca
050 0 _aTL574.S7
_bN45 2007
082 0 _a629.13236 NEL
_219
090 _aTL574.S7
_bN45 1989
100 1 _aNelson, Robert C.,
_d1942-
_983794
245 1 0 _aFlight Stability and Automatic Control /
_cby Robert C. Nelson.
250 _a2nd ed.
260 _aNew York :
_bMcGraw-Hill,
_cc2010.
300 _axii, 284 p. :
_bill. ;
_c25 cm.
504 _aIncludes bibliographies and index.
563 _aPB
650 0 _aStability of airplanes.
_983795
650 0 _aAirplanes
_xControl systems.
_955648
856 _3Table of contents only
_uhttp://www.loc.gov/catdir/toc/ecip0716/2007017469.html
942 _2ddc
_cBK
999 _c31923
_d31923